000 00358nam a2200145Ia 4500
003 OSt
005 20240311131118.0
008 170524s9999 xx 000 0 und d
020 _a9788131761649
040 _cIIMT ENGINEERING COLLEGE
100 _aRENDER- B
245 0 _aQUANTITATIVE ANALYSIS FOR MANAGEMENT
260 _bCONCEPT PUB. CO.
942 _2ddc
_c02
999 _c7913
_d7913